Normal view
MARC view
- Signal, Image and Speech Processing
Entry Topical Term
001 - CONTROL NUMBER
- control field: 34989
003 - CONTROL NUMBER IDENTIFIER
- control field: NUST
005 - DATE AND TIME OF LATEST TRANSACTION
- control field: 20201109153950.0
008 - FIXED-LENGTH DATA ELEMENTS
- fixed length control field: 201109|| aca||aabn | a|a d
040 ## - CATALOGING SOURCE
- Original cataloging agency: NUST
- Transcribing agency: NUST
150 ## - HEADING--TOPICAL TERM
- Topical term or geographic name entry element: Signal, Image and Speech Processing
670 ## - SOURCE DATA FOUND
- Source citation: Work cat.: (NUST)0: Corke, Peter. author. 34979, Robotics, Vision and Control :
